Sociálno-ekonomický pohľad na vymedzenie pojmu verejný záujem

Definovanie pojmov verený sektor a verejný záujem je stále predmetom diskusií odbornej verejnosti. Ich kreovanie sa mení s meniacimi sa podmienkami a potrebami spoločnosti. Definovanie pojmu verejný sektor a verejný záujem zo sociálno-ekonomického aspektu.

Gespeichert in:
Bibliographische Detailangaben
1. Verfasser: Koišová, Eva
Format: Buchkapitel
Sprache:Slowakisch
Schlagworte:
Tags: Tag hinzufügen
Keine Tags, Fügen Sie das erste Tag hinzu!

MARC

LEADER 00000naa a2200000 4500
001 0144423
005 20231207072434.9
041 0 |a slo 
044 |a SK 
245 1 0 |a Sociálno-ekonomický pohľad na vymedzenie pojmu verejný záujem  |c Eva Koišová 
520 |a Definovanie pojmov verený sektor a verejný záujem je stále predmetom diskusií odbornej verejnosti. Ich kreovanie sa mení s meniacimi sa podmienkami a potrebami spoločnosti. Definovanie pojmu verejný sektor a verejný záujem zo sociálno-ekonomického aspektu. 
610 2 0 |a záujmy verejné 
610 2 0 |a sektor verejný 
610 2 0 |a politika hospodárska 
100 1 |a Koišová, Eva